|
|
|
|
| LEADER |
00000nas a2200000 a 4500 |
| 001 |
ssj0000392440 |
| 003 |
WaSeSS |
| 005 |
20200512172242.0 |
| 006 |
m d |
| 007 |
cr n |
| 008 |
100803c20099999rm uu p s 0 0eng c |
| 010 |
|
|
|a 2010267099
|
| 022 |
|
|
|a 2067-7693
|l 2067-7693
|
| 035 |
|
|
|a (WaSeSS)ssj0000392440
|
| 040 |
|
|
|a SHS
|b eng
|c SHS
|d DOS
|d OCLCA
|d OCLCQ
|d CUS
|d OCLCQ
|d OCLCF
|d OCLCO
|d OCLCQ
|d OCL
|d VT2
|d WaSeSS
|
| 042 |
|
|
|a pcc
|
| 043 |
|
|
|a e------
|
| 050 |
|
4 |
|a HC240.A1
|b C395 online
|
| 245 |
0 |
0 |
|a CES working papers
|h [electronic resource].
|
| 246 |
3 |
|
|a Centre for European Studies working papers
|
| 246 |
3 |
|
|a Centre for European Studies working papers series
|
| 246 |
3 |
|
|a Working papers
|
| 246 |
3 |
|
|a Working papers series
|
| 246 |
3 |
|
|a CES WP
|
| 260 |
|
|
|a Iași, Romania :
|b Centre for European Studies, Alexandru Ioan Cuza University of Iași
|
| 310 |
|
|
|a Four no. a year
|
| 362 |
1 |
|
|a Began with 2009, no. 1.
|
| 506 |
|
|
|a License restrictions may limit access.
|
| 588 |
|
|
|a Description based on: 2009, no. 1; title from archive page (publisher website, viewed Sept. 16, 2010).
|
| 588 |
|
|
|a Latest issue consulted: 2010, no. 1.
|
| 650 |
|
0 |
|a Regionalism
|z European Union countries
|v Periodicals.
|
| 650 |
|
0 |
|a Globalization
|z European Union countries
|v Periodicals.
|
| 650 |
|
7 |
|a Economic policy.
|2 fast
|0 (OCoLC)fst00902025
|
| 650 |
|
7 |
|a Globalization.
|2 fast
|0 (OCoLC)fst00943532
|
| 650 |
|
7 |
|a International economic integration.
|2 fast
|0 (OCoLC)fst00976879
|
| 650 |
|
7 |
|a Regionalism.
|2 fast
|0 (OCoLC)fst01093204
|
| 651 |
|
0 |
|a European Union countries
|x Economic integration
|v Periodicals.
|
| 651 |
|
0 |
|a European Union countries
|x Economic policy
|v Periodicals.
|
| 651 |
|
0 |
|a European Union countries
|v Periodicals.
|
| 651 |
|
7 |
|a European Union countries.
|2 fast
|0 (OCoLC)fst01269470
|
| 655 |
|
0 |
|a Electronic journals.
|
| 710 |
2 |
|
|a Universitatea "Al. I. Cuza" din Iași.
|b Centrul de Studii Europene.
|
| 856 |
4 |
0 |
|z Full text available from Research Library: 07/01/2014 to present
|u https://search.proquest.com/publication/2035671
|